000 00454cam a22001814a 4500
005 20250605164243.0
008 250528s ||||||||||||||||||||||||d
035 _a21409
040 _aGR-AtMCL
_bgre
_dGR-AtMCL
_eAACR2
245 1 _aCOBOL ΓΙΑ PERSONAL COMPUTERS
250 _a2
260 _bΟψις,
_c1993
300 _a251
700 1 _aΚαρακιτσιος Ματθαιος
_97454
942 _cBK
999 _c6472
_d6472